Drake Intros - Statistics

General Stats
  • This quiz has been taken 46 times
  • The average score is 8 of 15
Answer Stats
Album Song % Correct
Nothing Was The Same Tuscan Leather
84%
Certified Lover Boy Champagne Poetry
77%
Take Care Over My Dead Body
77%
For All The Dogs Virginia Beach
73%
Her Loss Rich Flex
68%
Views Keep The Family Close
61%
If You're Reading This It's Too Late Legend
61%
Scorpion Survival
55%
Thank Me Later Fireworks
52%
More Life Free Smoke
39%
Care Package Dreams Money Can Buy
36%
So Far Gone Lust For Life
34%
Dark Lane Demo Tapes Deep Pockets
30%
What A Time To Be Alive Digital Dash
27%
Honestly, Nevermind Falling Back
27%
No matching quizzes found
Score Distribution
Percent of People with Each Score
Percentile by Number Answered
Your Score History
You have not taken this quiz